Normal view MARC view

Entry Nombre personal

Number of records used in: 1

001 - NÚMERO DE CONTROL

  • campo de control: 816

003 - IDENTIFICADOR DE NÚMERO DE CONTROL

  • campo de control: DLC

005 - FECHA Y HORA DE LA ÚLTIMA TRANSACCIÓN

  • campo de control: 20260307092400.0

008 - ELEMENTOS DE DATO DE LONGITUD-FIJA

  • campo de control de longitud fija: 080319n| azannaabn |a aaa c

010 ## - NÚMERO DE CONTROL DE LA BIBLIOTECA DEL CONGRESO

  • Número de control de LC: no2008043296

035 ## - NÚMERO DE CONTROL DEL SISTEMA

  • Número de control de sistema: (OCoLC)oca07708956

040 ## - FUENTE DE CATALOGACIÓN

  • Centro catalogador/agencia de origen: ICU
  • Lengua de catalogación: eng
  • Normas de descripción: rda
  • Centro/agencia transcriptor: ICU
  • Centro/agencia modificador: IEN
  • Centro/agencia modificador: DLC

100 1# - ENCABEZAMIENTO-NOMBRE DE PERSONA

  • Nombre de persona: Barral, María Elena

400 1# - TRAZADO DE VÉASE--NOMBRE DE PERSONA

  • Nombre de persona: Barral, María E.
  • Forma completa/desarrollada del nombre: (Elena)

670 ## - FUENTE DE DATOS ENCONTRADOS

  • Cita de la fuente: De sotanas por la Pampa, 2007:
  • Información encontrada: t.p. (María Elena Barral)

670 ## - FUENTE DE DATOS ENCONTRADOS

  • Cita de la fuente: Guerra y gobierno local en el espacio rioplantense (1764-1820), 2016:
  • Información encontrada: page one of cover (María E. Barral)